000 00351nam a2200109Ia 4500
008 171211s9999 xx 000 0 und d
245 _aIllustrated Encyclopaedia of Cacti and Other Succulents
245 _cJ. Riha and Rudolf Subik
260 _c1981
650 _xEncyclopedia and Dictionary
856 _uhttp://down.ebook777.com/058/9780706414929.pdf
999 _c350156
_d350156